000 00352 a2200157 4500
001 187005
020 _a0-14-062095-8
040 _cMagnum
100 _aShakespeare, William
240 1 0 _aA midsummer night´s dream
_lING
245 1 0 _aA midsummer night´s dream
300 _a106
362 0 _a1994
697 _aLITERATURA INGLESA
942 _cBK
999 _c187005
_d187005